00586 2200217 4500001002100000005001500021035002000036007000300056008004100059020002200100082000800122084001400130100002100144245009700165250001100262260003300273300002100306650001300327990001300340990001500353INLIS00000000000766320260310083136 a0010-0326000031ta260310 | | ind  a978-623-6166-84-0 a101 a101 MOH f1 aMohammad Zamroni1 aFilsafat Komunikasi :bPengantar Ontologis, Epistemologis dan Aksiologis /cMohammad Zamroni aCet. 1 aYogyakarta :bIRCiSoD,c2022 a288 hlm ;c20 cm 4aFilsafat a127/2023 a127.2/2023